[Event "NOR-chB"]
[Site "Oslo"]
[Date "2023.07.03"]
[Round "3"]
[White "Bjugn, Gisle"]
[Black "David, Eldin"]
[Result "1/2-1/2"]
[WhiteElo "1868"]
[BlackElo "1943"]
[PlyCount "52"]
[EventDate "2023.06.30"]
[EventType "swiss"]
[EventRounds "9"]
[EventCountry "NOR"]
[SourceTitle "EXT 2024"]
[Source "ChessBase"]
[SourceDate "2023.10.10"]
[SourceVersion "1"]
[SourceVersionDate "2023.10.10"]
[SourceQuality "1"]

1. d4 c5 2. e3 e6 3. Nf3 f5 4. Bd3 Nf6 5. 0-0 Be7 6. c4 0-0 7. Nc3 b6 8. b3 Bb7 9. Bb2 Ne4 10. Nd2 d5 11. f3 Nxd2 12. Qxd2 Nd7 13. cxd5 exd5 14. e4 Bg5 15. Qd1 Be3+ 16. Kh1 Bxd4 17. exd5 Qf6 18. Qc2 Ne5 19. Bc4 Nxc4 20. bxc4 Ba6 21. Qb3 Rae8 22. Rae1 Qh6 23. Nb5 Rxe1 24. Rxe1 Qd2 25. Rb1 Bxb5 26. Qxb5 Bxb2 1/2-1/2

[Event "EU-Cup 36th"]
[Site "Struga"]
[Date "2021.09.24"]
[Round "7.6"]
[White "Schwab, Patrick1111"]
[Black "Bjugn, Gisle"]
[Result "0-1"]
[WhiteElo "1848"]
[BlackElo "1867"]
[PlyCount "40"]
[EventDate "2021.09.18"]
[EventType "team-swiss"]
[EventRounds "7"]
[EventCountry "MKD"]
[SourceTitle "CBM 204 Extra"]
[Source "ChessBase"]
[SourceDate "2021.11.30"]
[SourceVersion "1"]
[SourceVersionDate "2021.11.30"]
[SourceQuality "1"]
[WhiteTeam "Echternach Sprenger"]
[BlackTeam "Baerum"]
[WhiteTeamCountry "LUX"]
[BlackTeamCountry "NOR"]

1. d4 d5 2. Nf3 Nf6 3. e3 Bf5 4. c4 c6 5. Nc3 e6 6. Qb3 Qb6 7. Be2 h6 8. 0-0 Nbd7 9. Nd2 Be7 10. Re1 0-0 11. a3 Rfe8 12. Bf1 Bh7 13. Qxb6 axb6 14. e4 dxc4 15. Bxc4 b5 16. Ba2 b4 17. axb4 Bxb4 18. e5 Nd5 19. Nxd5 cxd5 20. Re3 Ra4 0-1

[Event "EU-Cup 36th"]
[Site "Struga"]
[Date "2021.09.19"]
[Round "2.14"]
[White "Bjugn, Gisle"]
[Black "Runarsson, Gunnar Freyr"]
[Result "1-0"]
[WhiteElo "1867"]
[BlackElo "1944"]
[PlyCount "60"]
[EventDate "2021.09.18"]
[EventType "team-swiss"]
[EventRounds "7"]
[EventCountry "MKD"]
[SourceTitle "CBM 204 Extra"]
[Source "ChessBase"]
[SourceDate "2021.11.30"]
[SourceVersion "1"]
[SourceVersionDate "2021.11.30"]
[SourceQuality "1"]
[WhiteTeam "Baerum"]
[BlackTeam "Viking CC"]
[WhiteTeamCountry "NOR"]
[BlackTeamCountry "ISL"]

1. d4 Nf6 2. Nf3 e6 3. Bf4 d5 4. e3 c5 5. c3 Nc6 6. Nbd2 Be7 7. h3 0-0 8. Be2 b6 9. 0-0 Bb7 10. a4 Rc8 11. Qb3 cxd4 12. exd4 Bd6 13. Bxd6 Qxd6 14. a5 Nd7 15. axb6 axb6 16. Ra3 Kh8 17. Rfa1 f6 18. c4 Ba8 19. cxd5 Na5 20. Qa4 Bxd5 21. Bb5 Rfd8 22. Rc3 Rxc3 23. bxc3 e5 24. Bxd7 Bxf3 25. Nxf3 Rxd7 26. dxe5 fxe5 27. Nxe5 Re7 28. Nc4 Qf4 29. Nxb6 Qd2 30. Qxa5 h6 1-0